Introduction to Information technology (Record no. 9738)
[ view plain ]
| 000 -LEADER | |
|---|---|
| fixed length control field | 00428nam a2200169Ia 4500 |
| 008 - FIXED-LENGTH DATA ELEMENTS--GENERAL INFORMATION | |
| fixed length control field | 221030s9999 xx 000 0 und d |
| 020 ## - INTERNATIONAL STANDARD BOOK NUMBER | |
| ISBN | 8126509683 |
| 041 ## - LANGUAGE CODE | |
| Language code of text/sound track or separate title | |
| 082 ## - DEWEY DECIMAL CLASSIFICATION NUMBER | |
| Classification number | 105.23 |
| 100 ## - MAIN ENTRY--AUTHOR NAME | |
| Personal name | E. Turban |
| 245 #0 - TITLE STATEMENT | |
| Title | Introduction to Information technology |
| Statement of responsibility, etc | by E. Turban, R. K. Rainer |
| 260 ## - PUBLICATION, DISTRIBUTION, ETC. (IMPRINT) | |
| Name of publisher | Willey Pub. |
| Place of publication | New Delhi |
| Year of publication | 2008 |
| 300 ## - PHYSICAL DESCRIPTION | |
| Number of Pages | 526 |
| 650 ## - SUBJECT ADDED ENTRY--TOPICAL TERM | |
| Topical Term | Computers |
| 700 ## - ADDED ENTRY--PERSONAL NAME | |
| Personal name | R. K. Rainer |
| 942 ## - ADDED ENTRY ELEMENTS (KOHA) | |
| Koha item type | Books |
| Accession Number | Cost, normal purchase price | Bill Date | Full call number | Source of acquisition | Price effective from | Koha item type | Withdrawn / writtenoff status | Materials specified (bound volume or other part) | Damaged status | Not for loan | Permanent Location | Current Location | Shelving location | Date acquired | Lost/ Missing status | department |
|---|---|---|---|---|---|---|---|---|---|---|---|---|---|---|---|---|
| M 1830 | 449.00 | 2766 | 105.23 | RKB | 10/30/2022 | Books | MIET Library, Jammu | MIET Library, Jammu | BL-Academic Block B, FL-2, CUP-125, SH-5, R-5 | 03/04/2011 | MCA | |||||
| M 1831 | 449.00 | 2766 | 105.23 | RKB | 10/30/2022 | Books | MIET Library, Jammu | MIET Library, Jammu | BL-Academic Block B, FL-2, CUP-95, SH-3, R-3 | 03/04/2011 | MCA | |||||
| M 1832 | 449.00 | 2766 | 105.23 | RKB | 10/30/2022 | Books | MIET Library, Jammu | MIET Library, Jammu | BL-Academic Block B, FL-2, CUP-95, SH-3, R-3 | 03/04/2011 | MCA | |||||
| M 1833 | 449.00 | 2766 | 105.23 | RKB | 10/30/2022 | Books | MIET Library, Jammu | MIET Library, Jammu | BL-Academic Block B, FL-2, CUP-95, SH-3, R-3 | 03/04/2011 | MCA | |||||
| M 1834 | 449.00 | 2766 | 105.23 | RKB | 10/30/2022 | Books | MIET Library, Jammu | MIET Library, Jammu | BL-Academic Block B, FL-2, CUP-94, SH-3, R-3 | 03/04/2011 | MCA | |||||
| M 1835 | 449.00 | 2766 | 105.23 | RKB | 10/30/2022 | Books | MIET Library, Jammu | MIET Library, Jammu | BL-Academic Block B, FL-1, CUP-96, SH-6, R-6 | 03/04/2011 | MCA |